| 000 | 00828nam a2200253 a 4500 | ||
|---|---|---|---|
| 001 | 67033 | ||
| 003 | BD-RjUL | ||
| 005 | 20211209081617.0 | ||
| 008 | 170322s1981 caua b 001 0 eng | ||
| 020 |
_a0865760039 : _c$6.95 (est.) |
||
| 035 | _a(BD-RjUL)67164 | ||
| 040 |
_aDLC _cDLC _dBD-RjUL _beng |
||
| 041 | _aeng | ||
| 082 | 0 | 0 |
_a621.31 _223 _bELE 1981 |
| 110 | 2 |
_aElectric Power Research Institute. _9198533 |
|
| 245 | 1 | 0 |
_aElectricity, today's technologies and tomorrow's alternatives / _cElectric Power Research Institute. |
| 260 |
_aLos Altos, Calif. : _bThe Institute, _cc1981. |
||
| 300 |
_avii, 119 p. : _bill. ; _c28 cm. |
||
| 504 | _aIncludes bibliographical references and index. | ||
| 650 | 0 |
_aElectric power. _9198534 |
|
| 650 | 0 |
_aPower resources. _9198535 |
|
| 942 |
_2ddc _cBK |
||
| 999 |
_c67033 _d67033 |
||